00613nam a2200193Ia 4500008004100000020001800041082001200059100002200071245002900093250000700122260004600129300002300175500001900198600003300217650001500250942000700265952013000272999001700402240925s9999 xx 000 0 und d a9781138302020 a192 RUS aRussell, Bertrand 3aAn Outline of Philosophy aNA aKarachi:bOxford University Pressc,2009. a484p.b0fOriginal aIncludes Index aHumanities & Natural Science aPhilosophy cBK 001040708ETaUITUbUITUd2019-01-31eAllied Book Companyg1404.00l0o192 RUSpQ14319r2024-09-25 07:17:15w2024-09-25yBK c16818d16818